000 00687nam a22002057a 4500
005 20140106165243.0
010 _aB-519916-951
020 _a8172248954
_c140.00
035 _aB-519916-951
037 _bBSB/Ven.
_adpl
082 _aS
100 _aVerne, Jules
245 _aAround the world in eighty days /
_cby Jules Verne
260 _aMumbai
_bJaico Publishing House
_c2012
270 _aA-2 Jash Chambers, 7-A Sir Phirozshah Mehta Raod Fort,
_bMumbai
_e400001
300 _a228p. :
_bill.
_c20cm(Hb)
490 _aJaico illustrated classics series
942 _2ddc
_cCH
_mVER
_hS
999 _c79026
_d79026